| 000 | 00641nam a22002177a 4500 | ||
|---|---|---|---|
| 003 | DO-SdBNP | ||
| 005 | 20180202153153.0 | ||
| 008 | 160610b ve 1985||||| |||| 00| 0 spa d | ||
| 020 | _a97898061145448 | ||
| 040 |
_aBPMSU _bspa _cBPMSU |
||
| 082 | 4 |
_axxxxxx _bxxxxxxx |
|
| 100 | 1 | _aGeigel, Muñeca | |
| 245 | 1 |
_aTu puedes tenerlo todo : _bsistema de automejoramiento / _cMuñeca Geigel |
|
| 260 |
_aVenezuela : _bTorino, _c1985. |
||
| 300 |
_a70 p. ; _c21 cm. |
||
| 490 | 1 | _aEl arte de ser feliz | |
| 830 | 0 | _aEl arte de ser feliz | |
| 942 |
_2ddc _cBK |
||
| 945 | _aInventariado, 2018 / BT | ||
| 956 |
_aBTAVÄREZ _b10 _d20160601 _fBPMSU _h0038 |
||
| 999 |
_c10354 _d10354 |
||